<?xml version='1.0' encoding='UTF-8'?>
  <record xmlns="http://www.loc.gov/MARC21/slim">
    <leader>00000cam a2200000 i 4500</leader>
    <controlfield tag="001">ocm64913677</controlfield>
    <controlfield tag="003">OCoLC</controlfield>
    <controlfield tag="005">20240210061653.1</controlfield>
    <controlfield tag="008">890516s1773    ne a          000 0 dut d</controlfield>
    <datafield tag="040" ind1=" " ind2=" ">
      <subfield code="a">NLGGC</subfield>
      <subfield code="b">dut</subfield>
      <subfield code="e">fobidrtb</subfield>
      <subfield code="c">NLGGC</subfield>
      <subfield code="d">QGJ</subfield>
      <subfield code="d">NLRIJ</subfield>
      <subfield code="d">OCLCO</subfield>
      <subfield code="d">OCLCQ</subfield>
      <subfield code="d">OCLCL</subfield>
    </datafield>
    <datafield tag="026" ind1=" " ind2=" ">
      <subfield code="e">177308 - a1 * an : a2 *2 eu - b1 A2 n$h : b2 C2 Ov</subfield>
      <subfield code="2">stcnf</subfield>
    </datafield>
    <datafield tag="029" ind1="0" ind2=" ">
      <subfield code="a">NLGGC</subfield>
      <subfield code="b">05297927X</subfield>
    </datafield>
    <datafield tag="035" ind1=" " ind2=" ">
      <subfield code="a">(OCoLC)64913677</subfield>
    </datafield>
    <datafield tag="100" ind1="1" ind2=" ">
      <subfield code="a">Wetering, Wilhelmus van,</subfield>
      <subfield code="d">-1781.</subfield>
      <subfield code="1">https://id.oclc.org/worldcat/entity/E39PCjBmqK83THJT6JC4BJjtJC</subfield>
    </datafield>
    <datafield tag="245" ind1="1" ind2="0">
      <subfield code="a">Leer- en lofrede tot bevestiging van de waare, weezenlyke, en eigenlyk gezegde tegenwoordigheid van Jesus Christus in het hoogwaardigste sacrament des autaars, uit de woorden der instellinge: Dit is myn ligchaam. Gepredikt op het Beggynhof te Amsterdam, op den 17 maart des jaars 1773 ... /</subfield>
      <subfield code="c">door W.V.W.P.V.</subfield>
    </datafield>
    <datafield tag="260" ind1=" " ind2=" ">
      <subfield code="a">Te Amsterdam :</subfield>
      <subfield code="b">By Theodorus Crajenschot, boekverkooper,</subfield>
      <subfield code="c">1773.</subfield>
    </datafield>
    <datafield tag="300" ind1=" " ind2=" ">
      <subfield code="a">[4], 33, [3] p. :</subfield>
      <subfield code="b">ill. ;</subfield>
      <subfield code="c">in-8</subfield>
    </datafield>
    <datafield tag="336" ind1=" " ind2=" ">
      <subfield code="a">tekst</subfield>
      <subfield code="b">txt</subfield>
      <subfield code="2">rdacontent/dut</subfield>
    </datafield>
    <datafield tag="337" ind1=" " ind2=" ">
      <subfield code="a">zonder medium</subfield>
      <subfield code="b">n</subfield>
      <subfield code="2">rdamedia/dut</subfield>
    </datafield>
    <datafield tag="338" ind1=" " ind2=" ">
      <subfield code="a">band</subfield>
      <subfield code="b">nc</subfield>
      <subfield code="2">rdacarrier/dut</subfield>
    </datafield>
    <datafield tag="500" ind1=" " ind2=" ">
      <subfield code="a">A 8 (A1+* 2) B 8 C2.</subfield>
    </datafield>
    <datafield tag="500" ind1=" " ind2=" ">
      <subfield code="a">W.V.W.P.V. is Wilhelmus van Wetering.</subfield>
    </datafield>
    <datafield tag="500" ind1=" " ind2=" ">
      <subfield code="a">Met gravure op titelblad.</subfield>
    </datafield>
    <datafield tag="504" ind1=" " ind2=" ">
      <subfield code="a">Aan het slot: 'By den drukker dezes T. Crajenschot, worden uitgegeven, en zyn te bekomen, de volgende boeken ... '.</subfield>
    </datafield>
    <datafield tag="510" ind1="4" ind2=" ">
      <subfield code="a">Short title catalogue Netherlands,</subfield>
      <subfield code="c">292653484</subfield>
    </datafield>
    <datafield tag="510" ind1="4" ind2=" ">
      <subfield code="a">De Kempenaer,</subfield>
      <subfield code="c">496</subfield>
    </datafield>
    <datafield tag="530" ind1=" " ind2=" ">
      <subfield code="a">Titel is geselecteerd voor digitalisering voor de Universiteit van Amsterdam in het kader van het Google Books-project.</subfield>
    </datafield>
    <datafield tag="651" ind1=" " ind2="4">
      <subfield code="a">Amsterdam.</subfield>
    </datafield>
    <datafield tag="710" ind1="0" ind2=" ">
      <subfield code="a">Crajenschot, Theodorus (Amsterdam)</subfield>
      <subfield code="4">prt</subfield>
      <subfield code="0">(NL-LeOCL)07713009X</subfield>
    </datafield>
    <datafield tag="758" ind1=" " ind2=" ">
      <subfield code="a">Leer- en lofrede tot bevestiging van de waare, weezenlyke, en eigenlyk gezegde tegenwoordigheid van Jesus Christus in het hoogwaardigste sacrament des autaars, uit de woorden der instellinge: Dit is myn ligchaam. Gepredikt op het Beggynhof te Amsterdam, op den 17 maart des jaars 1773 (Text)</subfield>
      <subfield code="1">https://id.oclc.org/worldcat/entity/E39PCGBkHHdh4JKmPGKQv7Yfmd</subfield>
      <subfield code="4">https://id.oclc.org/worldcat/ontology/hasWork</subfield>
    </datafield>
    <datafield tag="776" ind1="0" ind2=" ">
      <subfield code="t">Leer- en lofrede tot bevestiging van de waare, weezenlyke, en eigenlyk gezegde tegenwoordigheid van Jesus Christus in het hoogwaardigste sacrament des autaars, uit de woorden der instellinge: Dit is myn ligchaam. Gepredikt op het Beggynhof te Amsterdam, op den 17 maart des jaars 1773 ...</subfield>
      <subfield code="w">(NL-LeOCL)400235595</subfield>
    </datafield>
    <datafield tag="776" ind1="0" ind2=" ">
      <subfield code="t">Leer- en lofrede tot bevestiging van de waare, weezenlyke, en eigenlyk gezegde tegenwoordigheid van Jesus Christus in het hoogwaardigste sacrament des autaars, uit de woorden der instellinge: Dit is myn ligchaam. Gepredikt op het Beggynhof te Amsterdam, op den 17 maart des jaars 1773 ...</subfield>
      <subfield code="w">(NL-LeOCL)401752534</subfield>
    </datafield>
    <datafield tag="776" ind1="0" ind2=" ">
      <subfield code="t">Leer- en lofrede tot bevestiging van de waare, weezenlyke, en eigenlyk gezegde tegenwoordigheid van Jesus Christus in het hoogwaardigste sacrament des autaars, uit de woorden der instellinge: Dit is myn ligchaam. Gepredikt op het Beggynhof te Amsterdam, op den 17 maart des jaars 1773 ...</subfield>
      <subfield code="w">(NL-LeOCL)401752542</subfield>
    </datafield>
    <datafield tag="776" ind1="0" ind2=" ">
      <subfield code="t">Leer- en lofrede tot bevestiging van de waare, weezenlyke, en eigenlyk gezegde tegenwoordigheid van Jesus Christus in het hoogwaardigste sacrament des autaars, uit de woorden der instellinge: Dit is myn ligchaam. Gepredikt op het Beggynhof te Amsterdam, op den 17 maart des jaars 1773 ...</subfield>
      <subfield code="w">(NL-LeOCL)401752550</subfield>
    </datafield>
    <datafield tag="776" ind1="0" ind2=" ">
      <subfield code="t">Leer- en lofrede tot bevestiging van de waare, weezenlyke, en eigenlyk gezegde tegenwoordigheid van Jesus Christus in het hoogwaardigste sacrament des autaars, uit de woorden der instellinge: Dit is myn ligchaam. Gepredikt op het Beggynhof te Amsterdam, op den 17 maart des jaars 1773 ...</subfield>
      <subfield code="w">(NL-LeOCL)408362502</subfield>
    </datafield>
  </record>